<?xml version="1.0" encoding="UTF-8"?>
<record
    xmlns:xsi="http://www.w3.org/2001/XMLSchema-instance"
    xsi:schemaLocation="http://www.loc.gov/MARC21/slim http://www.loc.gov/standards/marcxml/schema/MARC21slim.xsd"
    xmlns="http://www.loc.gov/MARC21/slim">

  <leader>01219nam a22001457a 4500</leader>
  <datafield tag="999" ind1=" " ind2=" ">
    <subfield code="c">521139</subfield>
    <subfield code="d">521139</subfield>
  </datafield>
  <controlfield tag="008">221216b           ||||| |||| 00| 0 eng d</controlfield>
  <datafield tag="100" ind1=" " ind2=" ">
    <subfield code="a">Halaburda, Hanna et al </subfield>
    <subfield code="9">36311</subfield>
  </datafield>
  <datafield tag="245" ind1=" " ind2=" ">
    <subfield code="a">The microeconomics of cryptocurrencies</subfield>
  </datafield>
  <datafield tag="260" ind1=" " ind2=" ">
    <subfield code="a">Journal of Economic Literature  </subfield>
  </datafield>
  <datafield tag="300" ind1=" " ind2=" ">
    <subfield code="a">60(3), Sep, 2022: p.971-1013</subfield>
  </datafield>
  <datafield tag="520" ind1=" " ind2=" ">
    <subfield code="a">Since its launch in 2009 much has been written about Bitcoin, cryptocurrencies, and blockchains. While the discussions initially took place mostly on blogs and other popular media, we now are witnessing the emergence of a growing body of rigorous academic research on these topics. By the nature of the phenomenon analyzed, this research spans many academic disciplines including macroeconomics, law and economics, and computer science. This survey focuses on the microeconomics of cryptocurrencies themselves. What drives their supply, demand, trading price, and competition amongst them? This literature has been emerging over the past decade and the purpose of this paper is to summarize its main findings so as to establish a base upon which future research can be conducted. &#x2013; Reproduced </subfield>
  </datafield>
  <datafield tag="773" ind1=" " ind2=" ">
    <subfield code="a">Journal of Economic Literature  </subfield>
  </datafield>
  <datafield tag="906" ind1=" " ind2=" ">
    <subfield code="a">CRYPTOCURRENCIES</subfield>
  </datafield>
  <datafield tag="942" ind1=" " ind2=" ">
    <subfield code="c">AR</subfield>
  </datafield>
  <datafield tag="952" ind1=" " ind2=" ">
    <subfield code="0">0</subfield>
    <subfield code="1">0</subfield>
    <subfield code="2">ddc</subfield>
    <subfield code="4">0</subfield>
    <subfield code="7">0</subfield>
    <subfield code="9">395190</subfield>
    <subfield code="a">IIPA</subfield>
    <subfield code="b">IIPA</subfield>
    <subfield code="d">2022-12-16</subfield>
    <subfield code="h">60(3), Sep, 2022: p.971-1013</subfield>
    <subfield code="p">AR127700</subfield>
    <subfield code="r">2022-12-16</subfield>
    <subfield code="y">AR</subfield>
  </datafield>
</record>
